000 00316nam a2200133Ia 4500
005 20260330110344.0
008 260330s9999||||xx |||||||||||||| ||und||
020 _a9789585731783
041 _aspa
245 0 _aSueƱan Los Androides Con Alpacas Electricas /
_c0
260 _a :
_b.
650 _aCUENTO
942 _cBKL
999 _c671
_d671